000 00640nam a22002177a 4500
001 11563
003 BD-RjUL
005 20211208235139.0
008 140127s1990 xxu||||| |||| 00| 0 eng d
035 _a(BD-RjUL)11612
040 _aBD-RjUL
_beng
_cBD-RjUL
_dBD-RjUL
041 _aeng
082 0 4 _219
_a306.095492
_bAFS 1990
100 1 _a Afsaruddin, Mohammad
_935780
245 _aSociety and culture in Bangladesh /
_c Mohammad Afsaruddin.
260 _aDhaka :
_bBook house,
_c1990
300 _axi, 171 p. ;
_c22 cm.
504 _aIncludes bibliography.
650 7 _aBangladesh -- Social life and customs.
_935781
942 _2ddc
_cBK
999 _c11563
_d11563